000 00694nam a22002417a 4500
005 20170124110008.0
010 _a039880
020 _c00.00
035 _a039880
037 _bCen Lib/Ret
040 _aDPL
_bEN
082 _a354.42
_bKEI
100 _aKeith, Arthur Berriedale
_917283
245 _aBritish cabinet system /
_cby Arthur Berriedale Keith
250 _a2nd. ed
260 _bStevens and Sons
_aLondon
_c1952
270 _bLondon
300 _avi, 464p.
_c21cm(Hb)
500 _aIncludes bibliographical references and index
650 _aCabinet government
_zBritish
_917284
650 _aDevelopment
_98073
942 _2ddc
_cEN
_h354.42
_mKEI
999 _c126344
_d126344